Yunque sonoro / (Registro nro. 32711)
[ vista simple ]
| 000 -CABECERA | |
|---|---|
| campo fijo de control de longitud | 00775nam a22002537a 4500 |
| 001 - NÚMERO DE CONTROL | |
| campo de control | 32711 |
| 003 - IDENTIFICADOR DEL NÚMERO DE CONTROL | |
| campo de control | AR-RoBPED |
| 005 - FECHA Y HORADE LA ULTIMA TRANSACCION | |
| campo de control | 20260507151818.0 |
| 008 - ELEMENTOS DE LONGITUD FIJA--INFORMACION GENERAL | |
| campo fijo de control de longitud | 260506s1948 ag a|||b |||| 001 0 spa d |
| 040 ## - FUENTE CATALOGADORA | |
| Centro catalogador/agencia de origen | AR-RoBPED |
| 041 ## - IDIOMA | |
| Código de idioma para texto/pista de sonido o título independiente | spa |
| 100 1# - ENCABEZAMIENTO PRINCIPAL--AUTOR PERSONAL | |
| Nombre de persona | Arena, Luis |
| 9 (RLIN) | 2441 |
| 245 10 - TITULO | |
| Título | Yunque sonoro / |
| Mención de responsabilidad | Luis Arena ; ilustraciones de Alberto Guiraldes |
| 250 ## - EDICION | |
| Edición | 6a ed. |
| 260 ## - PUBLICACION | |
| Lugar | Buenos Aires : |
| Editor | Estrada, |
| Fecha | 1948. |
| 300 ## - DESCRIPCION FISICA | |
| Extensión | 306 p. : |
| Otros detalles físicos | il. |
| 505 ## - NOTA DE CONTENIDO | |
| Contenido | Lecturas para sexto grado. |
| 650 #4 - TERMINO DE MATERIA--CONTROLADO | |
| Término controlado | LIBROS DE LECTURA |
| 9 (RLIN) | 15325 |
| Término controlado | ARCHIVO INFANTIL |
| 9 (RLIN) | 24464 |
| Término controlado | SEXTO GRADO |
| 9 (RLIN) | 1465 |
| 700 ## - ENCABEZAMIENTO SECUNDARIO--AUTOR PERSONAL | |
| Nombre de persona | Güiraldes, Alberto |
| Fecha de nac-muerte | 1897-1961 |
| 9 (RLIN) | 30868 |
| Función | il. |
| 942 ## - ELEMENTOS KOHA | |
| Fuente de clasificación | Universal Decimal Classification |
| Número Koha | k. 32711 |
| Koha tipo de ítem | Libro |
| Clasificación | 372.4 |
| Pre signatura | IA |
| Signatura librística | A 68y |
| N° inventario | inv. 42431 |
| 945 ## - PROCESAMIENTO DE LA INFORMACIÓN LOCAL | |
| Catalogador y fecha | mm 06/05/2026 - lgc 07/05/2026 |
| Estado retirado | Estado perdido | Fuente de clasificación | Estado dañado | No se presta | Biblioteca propietaria | Biblioteca de reserva | Fecha de adquisición | Total de préstamos | Signatura topográfica completa | Código de barras (nº de inventario) | Fecha visto por última vez | Catalogador y fecha | Tipo de ítem Koha | Nota pública |
|---|---|---|---|---|---|---|---|---|---|---|---|---|---|---|
| Universal Decimal Classification | Biblioteca Pedagógica Eudoro Díaz | Biblioteca Pedagógica Eudoro Díaz | 05/05/2026 | IA 372.4 A 68y | 42431 | 06/05/2026 | mm 06/05/2026 | Libro | No se presta a domicilio. |